000 00531nam a2200181Ia 4500
003 GCL
008 140319s9999 xx 000 0 ara d
040 _aGCL /
_cGCL
082 0 4 _a929.7
_bا م
100 1 _aاندرو مورتون
245 1 0 _aماساة الاميرة ديانا : قصتها الحقيقية /
_cاندرو مورتون
260 _a[S.N] :
_bدار عام الفين ،
_c1993
300 _a216 ص
490 _a
650 0 4 _aالتراجم الذاتية
650 0 4 _aديانا
942 _2ddc
_cBK
999 _c39054
_d39054